[Event "AUTO-INT-1976"]
[Site "http://www.queenalice.com/game.php?id=1004272"]
[Date "2011.11.3"]
[Round "2"]
[White "juli1"]
[Black "Dsilver"]
[Result "1-0"]
[WhiteElo "1970"]
[BlackElo "1658"]

1. d4 e6 2. c4 c6 3. Nf3 a6 4. Nc3 c5 5. Bg5 f6 6. Be3 cxd4 7. Nxd4 Bc5 8. Nxe6
dxe6 9. Qxd8+ Kxd8 10. Bxc5 f5 11. Bf8 Ne7 12. Rd1+ Ke8 13. Bxg7 Rg8 14. Bh6
Nbc6 15. Na4 b5 16. Nb6 Rb8 17. Be3 Bb7 18. Nd7 bxc4 19. Nxb8 Nxb8 20. Rd6 Kf7
21. Ba7 Nbc6 22. Bc5 Rb8 23. e4 Ne5 24. f4 Nd3+ 25. Bxd3 cxd3 26. Rd7 Bxe4 27.
Rxe7+ Kf6 28. Rd7 Kg6 29. Bd4 Rc8 30. Bc3 h5 31. Kf2 a5 32. Rc1 a4 33. Ke3 h4
34. Rg7+ Kh6 35. Re7 Kg6 36. Rxe6+ Kh7 37. Re7+ Kg6 38. Rd7 a3 39. bxa3 h3 40.
gxh3 Bc6 41. Rg1+ Kh6 42. Rd6+ Kh7 43. Rg7+ Kh8 44. Rh6# 1-0

[Event "AUTO-INT-1976"]
[Site "http://www.queenalice.com/game.php?id=1004275"]
[Date "2011.11.3"]
[Round "2"]
[White "Dsilver"]
[Black "Mariojose"]
[Result "1-0"]
[WhiteElo "1695"]
[BlackElo "1631"]

1. e4 e5 2. a3 Nc6 3. c3 Bc5 4. Bc4 Qh4 5. Qf3 Nh6 6. d4 exd4 7. Bxh6 Qf6 8. Bd2
Ne5 9. Qxf6 gxf6 10. cxd4 Bxd4 11. Be2 Bxb2 12. Ra2 Bd4 13. Bc3 Bxc3+ 14. Nxc3
d6 15. Nd5 Be6 16. Rc2 Bxd5 17. exd5 O-O-O 18. Nf3 a6 19. Nxe5 dxe5 20. Bg4+ Kb8
21. O-O Rxd5 22. Rfc1 c6 23. Rb1 Rhd8 24. Rcb2 b5 25. a4 f5 26. Be2 e4 27. axb5
axb5 28. h3 h5 29. Bc4 Rd1+ 30. Kh2 R1d2 31. Bxf7 Rd1 32. Bxh5 R1d2 33. f3 e3
34. f4 Rf2 35. Kg3 Rg8+ 36. Kh4 Rfxg2 37. Rxg2 Rxg2 38. Bf3 Rf2 39. Bxc6 Rxf4+
40. Kg5 Rf2 41. Bxb5 Kc7 42. Re1 f4 43. h4 Rg2+ 44. Kxf4 Kb6 45. Bd3 Rf2+ 46.
Kg3 e2 47. Rxe2 Rf6 48. h5 Rd6 49. Bf5 Rf6 50. Re6+ 1-0

[Event "AUTO-INT-1976"]
[Site "http://www.queenalice.com/game.php?id=1004276"]
[Date "2011.11.3"]
[Round "2"]
[White "Mariojose"]
[Black "Dsilver"]
[Result "1-0"]
[WhiteElo "1594"]
[BlackElo "1689"]

1. e4 e5 2. Nc3 c6 3. a3 Bc5 4. Qh5 Qf6 5. Qf5 Nh6 6. Qxf6 gxf6 7. h3 f5 8. d3
fxe4 9. Nxe4 d5 10. Nxc5 Nf5 11. Ne2 b6 12. g4 Nd4 13. Nb3 Nxc2+ 14. Kd1 Nxa1
15. Nxa1 Ba6 16. Ng3 Bxd3 17. Bxd3 e4 18. Be2 Nd7 19. Ba6 Nc5 20. Be2 Nd3 21.
Bxd3 exd3 22. Re1+ Kd7 23. Kd2 c5 24. Kxd3 c4+ 25. Kc3 b5 26. Bg5 Rhf8 27. Re7+
Kc6 28. Nf5 f6 29. Re6+ Kb7 30. Bxf6 Rad8 31. Bxd8 Rxd8 32. Nd6+ Rxd6 33. Rxd6
a5 34. Rxd5 b4+ 35. axb4 axb4+ 36. Kxc4 b3 37. Nxb3 h5 38. Nc5+ Kc6 39. b4 hxg4
40. hxg4 Kc7 41. g5 Kc6 42. g6 Kc7 43. g7 Kc6 44. g8=Q Kc7 45. Qd8+ Kc6 46. b5#
1-0

[Event "AUTO-OPEN-2594"]
[Site "http://www.queenalice.com/game.php?id=1024736"]
[Date "2012.2.2"]
[Round "1"]
[White "Dsilver"]
[Black "vizelinha"]
[Result "0-1"]
[WhiteElo "1690"]
[BlackElo "1962"]

1. c4 e5 2. e3 Nc6 3. a3 a5 4. Nc3 Nf6 5. d3 Bc5 6. Nf3 O-O 7. Nd5 d6 8. Ng5 Ng4
9. h4 h6 10. Ne4 Bf5 11. Ng3 Be6 12. f4 Qd7 13. Bd2 Ne7 14. Nxe7+ Qxe7 15. f5
Nf6 16. fxe6 fxe6 17. b4 Bb6 18. Rc1 Qf7 19. c5 dxc5 20. bxc5 Nd7 21. Qf3 Qxf3
22. gxf3 Nxc5 23. Bc3 Rxf3 24. Rg1 Rxe3+ 25. Kf2 Nxd3+ 26. Bxd3 Rxd3+ 27. Ke2
Re3+ 28. Kd2 Rd8+ 29. Kc2 Rdd3 30. Ne4 Rh3 31. Rgf1 Rde3 32. Rce1 Rxh4 33. Rxe3
Bxe3 34. Nd2 Rh2 35. Bxa5 b6 36. Bc3 Kh7 0-1

[Event "AUTO-OPEN-2594"]
[Site "http://www.queenalice.com/game.php?id=1024737"]
[Date "2012.2.2"]
[Round "1"]
[White "vizelinha"]
[Black "Dsilver"]
[Result "1-0"]
[WhiteElo "1905"]
[BlackElo "1702"]

1. e4 c5 2. Bc4 e6 3. Nc3 a6 4. a4 Nc6 5. Nf3 d6 6. d3 Bd7 7. b3 Nb4 8. O-O Bc6
9. Be3 d5 10. Ne5 f6 11. Nxc6 Nxc6 12. exd5 exd5 13. Bxd5 Bd6 14. Bxc6+ bxc6 15.
Qe2 Ne7 16. Rfe1 Bb8 17. Bxc5 Bd6 18. Bxd6 Qxd6 19. Qg4 g5 20. Re6 Qc5 21. Rae1
Ra7 22. Qc4 Qb6 23. Rxc6 Qb7 24. Rc8+ Kd7 25. Qe6# 1-0

[Event "AUTO-OPEN-2594"]
[Site "http://www.queenalice.com/game.php?id=1024740"]
[Date "2012.2.2"]
[Round "1"]
[White "Dsilver"]
[Black "silverado"]
[Result "0-1"]
[WhiteElo "1715"]
[BlackElo "1801"]

1. c4 e5 2. Nc3 c6 3. a3 d5 4. cxd5 cxd5 5. e3 d4 6. exd4 exd4 7. Nce2 Bg4 8.
Qa4+ Nc6 9. f3 Be6 10. h3 Qb6 11. d3 Bb3 12. Qxc6+ bxc6 13. Bf4 Qa5+ 14. Kf2 Nf6
15. Nxd4 Bc5 16. Be3 Nd5 17. Nge2 Nxe3 18. Kxe3 Bxd4+ 19. Nxd4 Qe5+ 20. Kd2 Qxd4
21. Be2 Qxb2+ 22. Ke3 O-O 23. Rab1 Rfe8+ 24. Kf4 Qe5+ 25. Kg4 Be6+ 26. Kh4 Qf4+
27. g4 g5+ 28. Kh5 Qf6 29. Rb5 Qg6# 0-1

[Event "AUTO-OPEN-2594"]
[Site "http://www.queenalice.com/game.php?id=1024741"]
[Date "2012.2.2"]
[Round "1"]
[White "silverado"]
[Black "Dsilver"]
[Result "1-0"]
[WhiteElo "1777"]
[BlackElo "1685"]

1. e4 c5 2. c3 e6 3. b3 a6 4. Bb2 Nc6 5. d4 d6 6. dxc5 dxc5 7. Qxd8+ Nxd8 8. c4
Nf6 9. e5 Nd7 10. Nf3 Nc6 11. Bd3 g6 12. O-O Bg7 13. Re1 h6 14. Nbd2 g5 15. g4
h5 16. h3 hxg4 17. hxg4 b6 18. Nxg5 Ndxe5 19. Be4 Bb7 20. Kg2 Rg8 21. f3 f6 22.
Nxe6 Kd7 23. Bf5 Ne7 24. Nxg7+ Nxf5 25. Nxf5 Nd3 26. Re7+ Kc6 27. Bxf6 Raf8 28.
Re6+ Kc7 29. Be5+ Nxe5 30. Rxe5 Kb8 31. Kg3 Bc8 32. Kf2 Rg5 33. Ne4 Rg6 34. Ke3
a5 35. Ned6 Bd7 36. Rd1 Ka8 37. Ne7 Rgf6 38. Ndf5 Be6 39. Rd6 Bxf5 40. Nxf5 R6f7
41. Rxb6 a4 42. bxa4 1-0